| 000 | 00694nam a22001817a 4500 | ||
|---|---|---|---|
| 005 | 20260218152123.0 | ||
| 008 | 260218b |||||||| |||| 00| 0 eng d | ||
| 020 | _a9789393875471 | ||
| 040 | _cVITAP | ||
| 082 |
_223rd Ed. _a894.8111 VEN |
||
| 245 |
_aSubramania Bharati : Writings in the Hindu _c/ Edited by A.R. Venkatachalapathy |
||
| 260 |
_aChennai _bTHG (The Hindu Group) Publishing Private Limited _c2022 |
||
| 300 | _a158p. : ill. ; 23cm | ||
| 440 |
_aThe Hindu History Series _917112 |
||
| 650 | 0 |
_aBharati, Subramania, 1882‑1921; Writings; Selection and publication; Journalists - India - Biography _917113 |
|
| 700 |
_aVenkatachalapathy, A.R. _917114 _eEditor |
||
| 942 |
_2ddc _cREF |
||
| 999 |
_c47289 _d47289 |
||